00645nam a2200241 a 4500001001300000003000900013005001700022008004100039020001000080082001300090100001900103245001900122260003300141300000900174500003500183505002700218650001800245700001900263902000800282942000700290952009300297999001300390nice12345678IN_TiNIC20260116011305.0050524s1927 beia grp 000 0 ara  ac10000a244bMAT aMathews, Basil aAmjadul Ghayat aBeirutbAmerican Pressc1927 a289p aincludes index and biblioraphy2 a3 vols. bound together aBible Stories1 aMathews, Basil bSRS cBK 00104070aHMIbHMId2007-07-05g100.00l0o244 MATp4725r2007-07-05w2026-01-16yARB c216d216